Países da Europa - Em um minuto - Statistics

Estatísticas Gerais
  • Esse quiz foi jogado 3 881 vezes
  • A pontuação média é 24 de 45
Respostas no mapa
Respostas codificadas por cores de uma escala verde-vermelha no mapa do quiz de acordo com a % correta abaixo.
 
Estatísticas das Respostas
País % Correto
Espanha
88%
Portugal
87%
Franca
86%
Alemanha
83%
Italia
83%
Suécia
81%
Noruega
78%
Reino Unido
77%
Irlanda
75%
Russia
75%
Finlandia
72%
Islandia
71%
Suíça
70%
Bélgica
66%
Polonia
62%
Holanda
61%
Andorra
57%
Dinamarca
57%
Ucrania
57%
Estonia
56%
Grecia
53%
Letonia
53%
Lituania
51%
Belarus
49%
Austria
48%
Vaticano
47%
Monaco
46%
Luxemburgo
41%
Romênia
41%
San Marino
41%
Croácia
39%
Albania
37%
Eslovaquia
37%
Eslovenia
37%
Hungria
37%
Malta
37%
Bulgaria
35%
Servia
35%
Bósnia e Herzegovina
33%
Moldávia
32%
Kosovo
29%
República Checa
29%
Liechtenstein
27%
Macedonia do Norte
25%
Montenegro
21%
Nenhum quiz correspondente encontrado
Distribuição das Pontuações
Porcentagem de Pessoas com Cada Pontuação
Percentil de Números Respondidos
Sua Pontuação Histórica
Você não jogou esse quiz